屬靈領袖的塑造 Shu ling ling xiu de su zao = Making of a Christian Leader {ch} / (Record no. 36404)
[ view plain ]
| 000 -LEADER | |
|---|---|
| fixed length control field | 01276cam a2200289ua 4500 |
| 005 - DATE AND TIME OF LATEST TRANSACTION | |
| control field | 20140520110337.0 |
| 008 - FIXED-LENGTH DATA ELEMENTS--GENERAL INFORMATION | |
| fixed length control field | 050309s1981 cc 000 u chi u |
| 020 ## - INTERNATIONAL STANDARD BOOK NUMBER | |
| International Standard Book Number | 9789628789559 |
| 020 ## - INTERNATIONAL STANDARD BOOK NUMBER | |
| International Standard Book Number | 9628789554 |
| 035 ## - SYSTEM CONTROL NUMBER | |
| System control number | 92678 |
| 035 ## - SYSTEM CONTROL NUMBER | |
| System control number | (OCoLC)36466031 |
| 040 ## - CATALOGING SOURCE | |
| Original cataloging agency | CVU |
| Transcribing agency | CVU |
| Modifying agency | OCLCQ |
| -- | HUA |
| -- | OCLCA |
| 041 1# - LANGUAGE CODE | |
| Language code of text/sound track or separate title | chi |
| Language code of original and/or intermediate translations of text | eng |
| 066 ## - CHARACTER SETS PRESENT | |
| Alternate G0 or G1 character set | $1 |
| 082 00 - DEWEY DECIMAL CLASSIFICATION NUMBER | |
| Classification number | 254 |
| 100 1# - MAIN ENTRY--PERSONAL NAME | |
| Personal name | 殷思重 Engstrom, Theodore Wilhelm, |
| Dates associated with a name | 1916- |
| 240 10 - UNIFORM TITLE | |
| Uniform title | Making of a Christian leader. |
| Language of a work | Chinese |
| 245 10 - TITLE STATEMENT | |
| Title | 屬靈領袖的塑造 Shu ling ling xiu de su zao = Making of a Christian Leader {ch} / |
| Statement of responsibility, etc | 殷思重著 ; 王一平譯 Yinsizhong zhu ; Wang Yiping yi. |
| 260 ## - PUBLICATION, DISTRIBUTION, ETC. (IMPRINT) | |
| Place of publication, distribution, etc | 香港 Xianggang : |
| Name of publisher, distributor, etc | 亞洲歸主協會香港分會 Yazhou gui zhu xie hui Xianggang fen hui, |
| Date of publication, distribution, etc | 1981. |
| 300 ## - PHYSICAL DESCRIPTION | |
| Extent | 176, [1] p. ; |
| Dimensions | 21 cm. |
| 500 ## - GENERAL NOTE | |
| General note | Translation of: The making of a Christian leader. |
| 504 ## - BIBLIOGRAPHY, ETC. NOTE | |
| Bibliography, etc | Includes bibliographical references (p. [177]). |
| 520 ## - SUMMARY, ETC. | |
| Summary, etc | 我們把人投進職責汪洋中,卻沒有教他們原則、技巧、方法來浮上來,更別說前進。這本生動、清晰、啟發人心的書,會教起一些快沉下去的,也給那些只在踏水的一些前進力! |
| 650 #0 - SUBJECT ADDED ENTRY--TOPICAL TERM | |
| Topical term or geographic name as entry element | Christian leadership. |
| 700 1# - ADDED ENTRY--PERSONAL NAME | |
| Personal name | 王一平 Wang, Yiping. |
| 942 ## - ADDED ENTRY ELEMENTS (KOHA) | |
| Source of classification or shelving scheme | Library of Congress Classification |
| Item type | Books |
| Withdrawn status | Lost status | Source of classification or shelving scheme | Damaged status | Not for loan | Home library | Current library | Shelving location | Date acquired | Source of acquisition | Cost, normal purchase price | Accession number | Total Checkouts | Full call number | Barcode | Date last seen | Price effective from | Koha item type |
|---|---|---|---|---|---|---|---|---|---|---|---|---|---|---|---|---|---|
| Library of Congress Classification | BSOP Library | BSOP Library | Chinese Books (General Circulation) | 04/11/2013 | Pustaka Su Fes | 385.02 | C-11237 | BV652.1 En3 2008 | 00042807 | 04/11/2013 | 04/11/2013 | Books |
